Lógica
Gespeichert in:
| 1. Verfasser: | |
|---|---|
| Weitere Verfasser: | |
| Format: | keine Angabe |
| Sprache: | Spanisch |
| Erschienen: |
Barcelona
Editorial Labor (Talleres Gráficos Ibero-Americanos)
1937
|
| Ausgabe: | 3a ed. |
| Katalog: | MANES: Suchergebnis im Bibliothekskatalog |
| Schulbuchspezifische Eigenschaften: |
|
| Schriftenreihe: | Colección Labor: Biblioteca de iniciación cultural. Sección I, Ciencias filosóficas
|
| Tags: |
Tag hinzufügen
Keine Tags, Fügen Sie den ersten Tag hinzu!
|
| Hinzugefügt zu: | 26.04.2016 |
MARC
| LEADER | 000000000a22000000004500 | ||
|---|---|---|---|
| 001 | 35006 | ||
| 003 | OSt | ||
| 008 | 160427s sp ||||| |||| 00| 0 spa d | ||
| 040 | |a manes |c manes | ||
| 041 | |a Español | ||
| 100 | 1 | |a Grau, Kurt Joachim |9 20581 | |
| 700 | 1 | |a Miral, Domingo |c trad. |9 20582 | |
| 245 | 0 | 0 | |a Lógica |
| 250 | |a 3a ed. | ||
| 260 | 3 | |a Barcelona |b Editorial Labor (Talleres Gráficos Ibero-Americanos) |c 1937 | |
| 300 | |a 186 p. |c 19 cm | ||
| 440 | |a Colección Labor: Biblioteca de iniciación cultural. Sección I, Ciencias filosóficas |9 20288 | ||
| 500 | |a Signatura: JE1/325. Enc. editorial en tela. | ||
| 690 | 7 | |a FILO | |
| 691 | 0 | |a SE | |
| 942 | |2 ddc |c BK | ||
| 546 | |a España | ||
| 999 | |c 42004 |d 42004 | ||
| 999 | |c manes:42004 |d 42004 | ||